| 000 | 01011nam a22003737a 4500 | ||
|---|---|---|---|
| 005 | 20250819182317.0 | ||
| 008 | 180820b2018 xxu||||| |||| 00| 0 spa d | ||
| 020 | _a9789930520505 | ||
| 041 | _aESP | ||
| 082 | _a345.05 P235s | ||
| 100 |
_aParma, Carlos Alberto _949247 |
||
| 100 |
_aPérez Curci, Juan Ignacio _949255 |
||
| 245 | _aLa sentencia: valoración y exclusión de pruebas, argumentación | ||
| 260 | _aCosta Rica | ||
| 260 | _bEditorial Jurídica Continental | ||
| 260 | _c2018 | ||
| 300 | _a236 páginas | ||
| 490 | _aInvestigación Criminal | ||
| 650 | _aDERECHO PENAL | ||
| 650 | _aDERECHO A LA JUSTICIA | ||
| 650 | _aPROCESO PENAL | ||
| 650 | _aSENTENCIA PENAL | ||
| 650 | _aINDICIOS | ||
| 650 | _aCUSTODIA | ||
| 650 | _aPROTECCIÓN CONSTITUCIONAL | ||
| 650 | _aJURISPRUDENCIA | ||
| 650 | _aDELITOS | ||
| 650 | _aALLANAMIENTOS | ||
| 650 | _aPRUEBAS | ||
| 650 | _aDEBIDO PROCESO | ||
| 650 | _aSENTENCIA | ||
| 650 | _aNULIDADES | ||
| 942 |
_cBK _2ddc |
||
| 999 |
_c11014 _d11014 |
||